Fine Arts - Auditory Fine Arts | 4 | 25.00 | 100% | 100% | 50% |
Fine Arts - Other Fine Arts | 5 | 14.00 | 100% | 20% | 20% |
Fine Arts - Visual Fine Arts | 4 | 12.50 | 100% | 25% | 0% |
History - American History | 2 | 10.00 | 100% | 0% | 0% |
History - European History | 5 | 14.00 | 100% | 40% | 0% |
History - Other History | 5 | 16.00 | 100% | 40% | 20% |
History - World History | 7 | 14.29 | 100% | 43% | 0% |
Literature - American Literature | 7 | 15.71 | 100% | 29% | 29% |
Literature - British Literature | 6 | 18.33 | 83% | 67% | 33% |
Literature - European Literature | 3 | 20.00 | 100% | 100% | 0% |
Literature - World Literature | 4 | 17.50 | 100% | 50% | 25% |
Mythology | 5 | 12.00 | 80% | 20% | 20% |
Other Academic | 1 | 20.00 | 100% | 100% | 0% |
Philosophy | 3 | 13.33 | 67% | 67% | 0% |
Pop Culture | 3 | 13.33 | 100% | 33% | 0% |
Religion | 6 | 11.67 | 83% | 33% | 0% |
Science - Biology | 3 | 13.33 | 100% | 33% | 0% |
Science - Chemistry | 4 | 15.00 | 100% | 50% | 0% |
Science - Other Science | 4 | 20.00 | 100% | 75% | 25% |
Science - Physics | 5 | 22.00 | 100% | 60% | 60% |
Social Science | 8 | 10.00 | 88% | 13% | 0% |